• 首页
  • 本馆介绍
  • 公告通知
  • 最新文献
  • 馆藏检索
  • 电子资源
  • 读者导购
  • 参考咨询
  • 我的图书馆
  • 登录
  • 详细信息显示
  • 放入我的书架
  • 预约/预借图书
  • 作者相关作品
  • 分类相关作品
  • 丛书相关作品
  • 出版社相关作品

书目信息

  • 表格格式
  • 工作单格式
  • 卡片格式
题名:
摄影小决窍
    
 
作者: 阮志忠
分册:  
出版信息:   浙江摄影出版社  1997.03
页数: 108页
开本: 32开
丛书名:
单 册:
中图分类: J404-51
科图分类:
主题词: 摄影艺术--艺术理论
电子资源:
ISBN:
000 00507nam0 2200193 45
001 0308271072
005 20030827105707.9
010    @dRMB6.40
100    @a20030827d1997 km y0chiy0120 ea
101    @achi
105    @a z 000yy
200 1  @a摄影小决窍@Ashe ying xiao jue qiao@f阮志忠@Fruan zhi zhong
210    @c浙江摄影出版社@d1997.03
215    @a108页@c无图表@d32开
606 0  @a摄影艺术@x艺术理论
690    @aJ404-51@v3
701  0 @a阮志忠
801    @aCN@b@c20030827
905    @aBZT@dJ404-51@e17
    
    摄影小决窍/阮志忠.-浙江摄影出版社,1997.03
    108页:无图表;32开
    
    
    ISBN :RMB6.40
    
●
相关链接 在五车中查询图书 在当当中查询图书 在豆瓣中查询图书


正题名:摄影小决窍     索取号:J404-51/17         预约/预借

序号 登录号 条形码 馆藏地/架位号 状态 备注
1 83855   200055938   中心书库中库/ 中库019架A面1列5层44/ [索取号:J404-51/17] 在馆    
山东省滨州职业学院图书馆 欢迎您!
大连网信软件有限公司© 版权所有